000 00754nam a2200253 i 4500
001 C2-0287686
003 PPAK
005 20180728020947.0
008 080225s2006 my |||| ||||| | may d
020 _a9836291636
040 _aPPAK
_beng
_cPPAK
_erda
082 0 4 _a899.23209
_223
090 0 0 _a899.23209
_bMAN
_dG
100 0 _aMana Sikana,
_eauthor
245 1 0 _aDrama Melayu :
_btradisional, moden dan pascamoden
264 1 _aKuala Lumpur :
_bDewan Bahasa dan Pustaka ,
_c2006
300 _a510 pages ;
_c22 cm
336 _2rdacontent
_atext
337 _2rdamedia
_aunmediated
338 _2rdacarrier
_avolume
500 _aIncludes bibliographical references and index
650 1 0 _aMalay drama - History and criticism
942 _ddc
_cB
999 _c93375
_d93375